书目信息 |
| 题名: |
红外热像检测
|
|
| 作者: | ;国网技术学院 编 | |
| 分册: | ||
| 出版信息: | 北京 中国电力出版社 2015.05 |
|
| 页数: | 114页 | |
| 开本: | 23cm | |
| 丛书名: | ||
| 单 册: | ||
| 中图分类: | TN215 | |
| 科图分类: | ||
| 主题词: | 红外线检测--hong wai xian jian ce--技术培训--教材 | |
| 电子资源: | ||
| ISBN: | 978-7-5123-7570-3 | |
| 000 | 00785nam0 2200229 450 | |
| 001 | 0106081800 | |
| 005 | 20201106082043.0 | |
| 010 | @a978-7-5123-7570-3@dCNY31.00 | |
| 100 | @a20150920e20192015em y0chiy50 ea | |
| 101 | 0 | @achi |
| 102 | @aCN@b110000 | |
| 105 | @aa z 000yy | |
| 106 | @ar | |
| 200 | 1 | @a红外热像检测@Ahong wai re xiang jian ce@f国网技术学院编 |
| 210 | @a北京@c中国电力出版社@d2015.05@h2019.12 | |
| 215 | @a114页@c图@d23cm | |
| 330 | @a本书主要内容包括红外热像检测基本知识、电网设备红外热像检测诊断、红外热像检测起义及操作实践、诊断技术与规范解读。 | |
| 606 | 0 | @a红外线检测@Ahong wai xian jian ce@x技术培训@j教材 |
| 690 | @aTN215@v5 | |
| 711 | 02 | @a国网技术学院@Aguo wang ji shu xue yuan@4编 |
| 801 | 0 | @aCN@bBJSZM@c20201106 |
| 905 | @b1191360-3@dTN215@e142@f4 | |
| 红外热像检测/国网技术学院编.-北京:中国电力出版社,2015.05(2019.12) |
| 114页:图;23cm |
| ISBN 978-7-5123-7570-3:CNY31.00 |
| 本书主要内容包括红外热像检测基本知识、电网设备红外热像检测诊断、红外热像检测起义及操作实践、诊断技术与规范解读。 |
| ● |
| 相关链接 |
|
|
|
|
正题名:红外热像检测
索取号:TN215/142
 
预约/预借
| 序号 | 登录号 | 条形码 | 馆藏地/架位号 | 状态 | 备注 |
| 1 | 1191360 | 211913606 | 第二样本阅览室/ [索取号:TN215/142] | 在馆 | |
| 2 | 1191361 | 211913615 | 第三借阅区/ [索取号:TN215/142] | 在馆 | |
| 3 | 1191362 | 211913624 | 第三借阅区/ [索取号:TN215/142] | 在馆 | |
| 4 | 1191363 | 211913633 | 第三借阅区/ [索取号:TN215/142] | 在馆 |